Ukraine oblasts - Statistics

General Stats
  • This quiz has been taken 13 times
    4 since last reset
  • The average score is 14 of 24
Answer Stats
answer % Correct
Kyiv
100%
Luhansk
100%
Lviv
100%
Odesa
100%
Cherkasy
67%
Chernihiv
67%
Chernivtsi
67%
Dnipropetrovsk
67%
Ivano Frankivsk
67%
Kharkiv
67%
Mykolaiv
67%
Rivne
67%
Ternopil
67%
Zhytomyr
67%
Donetsk Oblast
33%
Kherson
33%
Khmelnytskyi
33%
Kirovohrad
33%
Sumy
33%
Vinnytsia
33%
Volyn
33%
Zakarpattia
33%
Zaporizhzhia
33%
Poltava
0%
No matching quizzes found
Score Distribution
Percent of People with Each Score
Percentile by Number Answered
Your Score History
You have not taken this quiz since the last reset